Tourism success stories and shooting stars : Kuala Lumpur, Malaysia 4-6 June 2007
Αποθηκεύτηκε σε:
| Συλλογικό Έργο: | , |
|---|---|
| Μορφή: | Βιβλίο |
| Γλώσσα: | English |
| Δημοσίευση: |
Madrid :
World Tourism Organization,
c2008
|
| Σειρά: | World Tourism Organization seminar proceedings
|
| Θέματα: | |
| Ετικέτες: |
Προσθήκη ετικέτας
Δεν υπάρχουν, Καταχωρήστε ετικέτα πρώτοι!
|
MARC
| LEADER | 00000cam a2200000 i 4500 | ||
|---|---|---|---|
| 001 | 1/102326 | ||
| 008 | 090309s2008 eng d | ||
| 020 | |a 9284412781 | ||
| 035 | |l 10103619 | ||
| 040 | |a GR-MY-UA |b gre |e aacr | ||
| 041 | 0 | |a eng | |
| 082 | 0 | |a 338.4791 |2 (22) | |
| 110 | 2 | |a World Tourism Organization. | |
| 245 | 1 | 0 | |a Tourism success stories and shooting stars : |b Kuala Lumpur, Malaysia 4-6 June 2007 / |c World Tourism Organization |
| 260 | |a Madrid : |b World Tourism Organization, |c c2008 | ||
| 300 | |a 271 σ.; |b έγχρ. εικ.; |c 29 εκ. | ||
| 490 | 1 | |a World Tourism Organization seminar proceedings | |
| 504 | |a Περιλαμβάνει βιβλιογραφικές παραπομπές | ||
| 650 | 0 | 0 | |a Tourism |x Congresses. |
| 710 | 2 | |a World Tourism Conference Kuala Lumpur, Malaysia) | |
| 830 | 0 | |a World Tourism Organization seminar proceedings | |
| 852 | |a INST |b CHIOS |e 20090309 |h 338.4791 WOR |p 005200030602 |q 005200030602 |t BK |y 0 | ||
| 901 | |a BIBL2-2009-1 | ||
| 909 | |a Χ |b 147065 | ||
| 970 | |a ΒΑΣΙΛΑΚΗ |b ΝΙΚΗ |z 2009/03/09 | ||